| 000 | 00347nam a22001337a 4500 | ||
|---|---|---|---|
| 003 | SGT | ||
| 082 |
_a617.643 _bN10J |
||
| 100 | _aJENA, SANGHAMITRA | ||
| 245 | _aNASO RESPIRATONY FUNETION & ITS ROLE IN SLEEP APNOEA SYNDROME | ||
| 260 |
_aDELHI NCR _bSGT UNIVERSITY GURUGRAM _c2010 |
||
| 300 | _a1-88 | ||
| 650 | _aORTHODONTICS | ||
| 942 |
_2ddc _cTH |
||
| 999 |
_c17949 _d17949 |
||